000 01062cam a2200241 4500
001 WB3712-44
008 000000n2001 000 0 eng u
035 _a(Sirsi) u111597
245 _aEarly retirement scheme proposed
260 _c2001
490 _aHerald
_v21 March 2001, 24(1)
520 _aFarmers' leaders have presented plans to government that would allow farmers between the age of 60 and 65 with an annual income lower than £9,200 and net worth below £16,000 to leave the industry. Rural Development Regulation funding would then be used to provide retired farmers with incomes of up to £8,500 pa. The cost of the scheme is estimated at £25m but would allow the redeployment of land and buildings as a part of a wider restructuring of the industry.
590 _aWB
650 _aEUROPEAN FUNDING
650 _aFARMERS
650 _aFARMING INDUSTRY
650 _aRESTRUCTURING
650 _aRETIREMENT RELIEF
650 _aRETIREMENT TENANCIES
650 _aRURAL DEVELOPMENT REGULATION
690 _aRural
_96268
942 _n0
999 _c66490
_d66490